Trouve les films avec l'acteur #2 - Statistiques

Statistiques générales
  • Ce quiz a été pris 266 fois
  • Le résultat moyen est 11 sur 14
Statistiques - réponses
Par images Réponse % Correct
Ca
97%
E.T l'extra-terrestre
97%
The Mask
92%
Aquaman
89%
Les dents de la mer
88%
James Bond
86%
Le seigneur des anneaux
86%
Les gardiens de la galaxie
83%
Jurassic park
79%
Rabbi Jacob
78%
Gremlins
77%
Dirty dancing
70%
le Transporteur
58%
Footloose
30%
Aucun quiz correspondant
Distribution des résultats
% des personnes avec chaque résultat
Percentile par nombre de réponses
Votre historique - résultats
Vous n’avez pas pris ce quiz